| 000 | 00769nam a2200229 a 4500 | ||
|---|---|---|---|
| 001 | BRCA_719 | ||
| 005 | 20190320203123.0 | ||
| 008 | 980929s1997 mx-a---###---#000-0#spa-# | ||
| 020 | _a968793400x | ||
| 040 |
_aDLC _cDLC |
||
| 041 | _aspaeng | ||
| 050 | 4 |
_aN8080.J8 _b.S26 1997 |
|
| 245 | 1 | 0 |
_aSan Juan de Dios _biconografía = Iconography : México, América Central. |
| 260 |
_aMéxico _bOrden Hospitalaria de San Juan de Dios _c1997 |
||
| 300 |
_a77 p. _bil. a color _c27 cm. |
||
| 546 | _aTexto en español e inglés | ||
| 600 | 1 | 4 |
_aJuan de Dios _cSanto _d1495-1550 _vArte _92365 |
| 610 | 2 | 4 |
_aHospital Juanino de Atlixco (Puebla, México) _xColecciones de arte _92366 |
| 650 | 1 | 4 |
_aArte _xColecciones privadas _zMéxico _92367 |
| 740 | 0 | _aIconography | |
| 942 |
_2lcc _cB |
||
| 999 |
_c620 _d620 |
||